000 01472cam a22002897a 4500
001 1039
005 20231124101933.0
020 _a9780439929523
040 _aBTCTA
_cBTCTA
_dBAKER
_dTDS
_dEHH
_dDLC
_beng
050 0 0 _aPZ7.G8619
_bLf 2008
082 0 0 _a813.6
_222
100 1 _aGregory, Kristiana
245 1 4 _aThe legend of Skull Cliff /
_cby Kristiana Gregory ; illustrated by Patrick Faricy
250 _aFirst printing, June 2008
260 _aNew York :
_bScholastic,
_c2008
300 _a127 pages :
_billustrations, map ;
_c20 cm
490 _aCabin Creek Mysteries
_vBook 3
505 _aO
520 _aWhen a rich city kid disappears from nearby Camp Whispering Pines, the three cousins find themselves in the middle of a serious mystery. A ransom note raises the stakes, and the police start tracking down a kidnapper. But Jeff, David, and Claire learn that the boy was last seen headed toward fabled Skull Cliff, possibly in search of its sparkly treasure. The clues just don't add up. As they put all of their evidence together, the cousins start to believe that there never was a kidnapping. But that doesn't mean the boy is out of trouble. He's in more danger than ever
521 0 _a630
_bLexile
521 1 _aO
_bRaz-Plus
650 0 _aKidnapping
_vJuvenile fiction.
650 1 _aMystery and detective stories.
700 1 _aFaricy, Patrick
_eillustrator
906 _a7
_bcbc
_ccopycat
_d2
_encip
_f20
_gy-gencatlg
942 _2ddc
_cBK
_n0
999 _c1039
_d1039